[Event "EU-Cup 37th"]
[Site "Mayrhofen"]
[Date "2022.10.05"]
[Round "3.4"]
[White "Alonso Rosell, Alvar"]
[Black "Carafizi, Vasilii"]
[Result "1-0"]
[WhiteElo "2563"]
[BlackElo "2132"]
[PlyCount "61"]
[EventDate "2022.10.03"]
[EventType "team-swiss"]
[EventRounds "7"]
[EventCountry "AUT"]
[SourceTitle "CBM 210 Extra"]
[Source "ChessBase"]
[SourceDate "2022.11.30"]
[SourceVersion "1"]
[SourceVersionDate "2022.11.30"]
[SourceQuality "1"]
[WhiteTeam "Silla Valencia"]
[BlackTeam "Echternach Sprenger"]
[WhiteTeamCountry "ESP"]
[BlackTeamCountry "LUX"]

1. d4 f5 2. Nc3 Nf6 3. Bg5 d5 4. Bxf6 exf6 5. e3 Be6 6. Bd3 c6 7. Qf3 g6 8. h3 Qd7 9. g4 fxg4 10. hxg4 Qg7 11. Nge2 Nd7 12. e4 0-0-0 13. exd5 cxd5 14. Nf4 Bg8 15. Nfxd5 f5 16. 0-0-0 Nf6 17. Nxf6 Qxf6 18. gxf5 Kb8 19. Be4 g5 20. Bxb7 Bb4 21. Nd5 Bxd5 22. Bxd5 g4 23. Qb3 Qb6 24. c4 h5 25. c5 Qh6+ 26. Kb1 Kc7 27. Be6 Rb8 28. Qg3+ Kb7 29. Qd6 Rh7 30. a3 Ba5 31. Rd3 1-0